Sur le volume d'eau débité par les anciens glaciers / (Record no. 46110)

MARC details
000 -LEADER
campo de control de longitud fija 00598nam a2200169 i 4500
001 - NÚMERO DE CONTROL
campo de control 46110
003 - IDENTIFICADOR DE NÚMERO DE CONTROL
campo de control ES-MaACL
005 - FECHA Y HORA DE LA ÚLTIMA TRANSACCIÓN
campo de control 20230906161330.0
007 - CAMPO FIJO DE DESCRIPCIÓN FÍSICA--INFORMACIÓN GENERAL
campo de control de longitud fija t|
008 - DATOS DE LONGITUD FIJA--INFORMACIÓN GENERAL
campo de control de longitud fija 030328s1868 fr ||||1| fre d
100 1# - ENTRADA PRINCIPAL--NOMBRE DE PERSONA
Nombre de persona Collomb, Edouard.
9 (RLIN) 39750
245 10 - MENCIÓN DEL TÍTULO
Título Sur le volume d'eau débité par les anciens glaciers /
Mención de responsabilidad, etc. par E. Collomb.
260 ## - PUBLICACIÓN, DISTRIBUCIÓN, ETC.
Lugar de publicación, distribución, etc. Paris :
Nombre del editor, distribuidor, etc. [s.n.,
Fecha de publicación, distribución, etc. 1868] (
Fabricante Gauthier-Villars)
300 ## - DESCRIPCIÓN FÍSICA
Extensión 3 p. ;
Dimensiones 26 cm.
594 ## - Nota al título y mención de responsabilidad
Nota al título y mención de responsabilidad Título y autor tomados del principio del texto, la fecha del final.
852 ## - LOCALIZACIÓN
Ubicación ES-MaACL
Número de control de estantería T-1088-F-4
Nota libre .- Dedicatoria autógrafa del autor a Federico de Botella
Holdings
Estatus retirado Estado de pérdida Estado de daño No para préstamo Colección Biblioteca de origen Biblioteca actual Ubicación en estantería Fecha de adquisición Fuente de adquisición Total de préstamos Signatura topográfica completa Código de barras Visto por última vez Precio de reemplazo Tipo de ítem Koha
        Colección de folletos Biblioteca del Ateneo de Madrid Biblioteca del Ateneo de Madrid Depósito folletos 17/01/2008     T-1088-F-4 1048506 23/02/2023 23/02/2023 Folleto